header

Emulsion polymerisation and latex applications (Record no. 151317)

MARC details
000 -LEADER
fixed length control field 01361nam a2200349 a 4500
100 1# - MAIN ENTRY--AUTHOR NAME
Personal name Anderson, Christopher D.
245 10 - TITLE STATEMENT
Title Emulsion polymerisation and latex applications
260 ## - PUBLICATION, DISTRIBUTION, ETC. (IMPRINT)
Place of publication Shawbury, U.K. :
Name of publisher Rapra Technology,
Year of publication 2003.
300 ## - PHYSICAL DESCRIPTION
Number of Pages 146 p. :
Other physical details ill.
490 1# - SERIES STATEMENT
Series statement Rapra review reports. Report 160,
650 #0 - SUBJECT ADDED ENTRY--TOPICAL TERM
Topical Term Emulsions.
Topical Term Polymers.
Topical Term Latex, Synthetic.
700 1# - ADDED ENTRY--PERSONAL NAME
Personal name Daniels, Eric S.,
856 40 - ELECTRONIC LOCATION AND ACCESS
Uniform Resource Identifier http://site.ebrary.com/lib/rucke/Doc?id=10236833

No items available.

© 2026 Rongo University
Contact us: librarian | system librarian | Rongo university